000 00404nam a2200145 a 4500
008 970412s1969||||xx 0 und c
040 _aSNK
_bslo
_cSNK
_eAACR2
100 1 _aHrabovský, Jozef
245 1 0 _aLatinsko slovenský slovník slovensko latinský
260 _aBratislava
_bSlovenské pedagogické nakladateľstvo
_c1969
300 _a1316 s.
020 _c48
044 _axo
_cSK
041 _aslo
999 _c19214
_d19214